000 00690nam a2200277Ia 4500
005 20260324145036.0
008 008 260324s9999 xx 000 0 eng d
020 _a9780429303081
037 _aEBOOK
040 _aCRL
040 _beng
040 _cCRL
041 _2eng
041 _aeng
084 _qCRL
100 _aAllan Murphy; Richard W. Katz
_91221540
245 0 _aProbability, Statistics, And Decision Making In The Atmospheric Sciences
260 _bTaylor and Francis
260 _c1985
365 _a
365 _b285
856 _uhttp://www.taylorfrancis.com/books/9780429303081
942 _cEBOOK
999 _c1828917
_d1828917